Language by Long Word Quiz Stats

 Plays Quiz Updated Jun 13, 2018

Challenge
Share
Tweet
Embed
Score 0/17 Timer 04:00
4 Plays Today
Question Answer Wrong Answers
Rindfleischetikettierungsüberwachungsaufgabenübertragungsgesetz
Meaning: Law delegating beef label monitoring
German
84.2%
Norwegian
3%
Czech
3%
Dutch
5.3%
Precipitevolissimevolmente
Meaning: 'in a way like someone/something that acts very hastily
Italian
77.8%
Greek
4.8%
Romanian
8.3%
Hungarian
4.7%
Floccinaucinihilipilification
Meaning: The action or habit of estimating something as worthless.
English
77.7%
Norwegian - Bokmål
7.5%
Portuguese
4%
French
6.3%
Vaðlaheiðarvegavinnuverkfærageymsluskúraútidyralyklakippuhringur
Meaning: A keychain ring for the outdoor key of road workers shed in a moor called Vaðlaheiði
Icelandic
74.2%
Faroese
10.2%
Danish
6.5%
Frisian
4.5%
Epäjärjestelmällistyttämättömyydellänsäkäänköhän
Meaning: I wonder if – even with his/her quality of not having been made unsystematized
Finnish
70.3%
Estonian
15.1%
German
3.7%
Lithuanian
6.4%
Sự-phản-đối-việc-tách-nhà-thờ-ra-khỏi-nhà-nước
Meaning: Antidisestablishmentarianism
Vietnamese
62%
Lao
8%
Thai
19.6%
Burmese
5.9%
Muvaffakiyetsizleştiricileştiriveremeyebileceklerimizdenmişsinizcesine
Meaning: As if you would be from those we can not easily/quickly make a maker of unsuccessful ones
Turkish
56.7%
Lebanese
7%
Bulgarian
13.8%
Serbian
17.8%
Dziewięćsetdziewięćdziesiątdziewięćmiliardówdziewięćsetd ziewięćdziesiątdziewięćmili onówdziewięćsetdziewięćdziesiątdziewięćty sięcydziewięćsetdziewięćdziesięciodziewięcioletniego
Meaning: 999999999999 years old
Polish
55.5%
Czech
22.5%
Slovakian
7.6%
Hungarian
10.2%
Pneumoultramicroscopicossilicovulcanoconioticozinhos
Meaning: Someone suffering from a specific disease
Portuguese
50.9%
Spanish
22.1%
Catalan
12.2%
Monegasque
10.3%
Pinakanakapagpapabagabag-damdamin
Meaning: The most emotionally disturbing/upsetting thing
Tagalog
50.4%
Malay
21.3%
Javanese
13.8%
Vietnamese
9.9%
Menneskerettighetsorganisasjonsstyremedlem
Meaning: Human rights organisation board member
Norwegian
48.9%
Danish
27%
Finnish
16.1%
Russian
3.3%
Speciallægepraksisplanlægningsstabiliseringsperiode
Meaning: Period of plan stabilising for a specialist doctor's practice
Danish
42.1%
Swedish
22.9%
Norwegian
14.2%
Icelandic
15.8%
Mempertidakmempertanggungjawabkannyalahto
Meaning: (become clearly) to make not responsible (for a responsibility) of something that (does something)
Indonesian
33.2%
Tagalog
18.7%
Swahili
28.5%
Pashtu
14.9%
Արևաճաճանչաերկրափայլատակություն
Meaning: Rays of sun lighting up everything
Armenian
32.5%
Hebrew
23.5%
Amharic
29.7%
Tajik
9.3%
გადმოსაკონტრრევოლუციონერებლებისნაირებისათვისაცო
M: He said that it is also for those who are like the ones that need to be back counter-revolutionized
Georgian
32.2%
Thai
39%
Indonesian
15.7%
Zulu
8.6%
Pretpulksteņrādītājvirziens
Meaning: Counter-clockwise direction
Latvian
31.2%
Lithuanian
28.4%
Polish
12.1%
Slovenian
23.2%
қанағаттандырылмағандықтарыңыздан
Meaning: Because of your dissatisfaction
Kazakh
16.2%
Russian
56.6%
Ukrainian
11.6%
Kyrgyz
11%

You're not logged in!

Compare scores with friends on all Sporcle quizzes.
Join for Free
OR
Log In

You Might Also Like...

Show Comments

Extras

Top Quizzes Today


Score Distribution

Your Account Isn't Verified!

In order to create a playlist on Sporcle, you need to verify the email address you used during registration. Go to your Sporcle Settings to finish the process.

Report this User

Report this user for behavior that violates our Community Guidelines.

Details: